<?xml version="1.0" encoding="UTF-8"?>
<record
    xmlns:xsi="http://www.w3.org/2001/XMLSchema-instance"
    xsi:schemaLocation="http://www.loc.gov/MARC21/slim http://www.loc.gov/standards/marcxml/schema/MARC21slim.xsd"
    xmlns="http://www.loc.gov/MARC21/slim">

  <leader>00647nam a2200217Ia 4500</leader>
  <datafield tag="999" ind1=" " ind2=" ">
    <subfield code="c">36013</subfield>
    <subfield code="d">36013</subfield>
  </datafield>
  <controlfield tag="001">1912</controlfield>
  <controlfield tag="003">GE_BSU</controlfield>
  <controlfield tag="005">20221010135114.0</controlfield>
  <controlfield tag="008">181216s2005ru  xx |||||||||||||| ||rus||</controlfield>
  <datafield tag="020" ind1=" " ind2=" ">
    <subfield code="a">5949094921</subfield>
  </datafield>
  <datafield tag="040" ind1=" " ind2=" ">
    <subfield code="c">GE_BSU</subfield>
  </datafield>
  <datafield tag="041" ind1=" " ind2=" ">
    <subfield code="a">rus</subfield>
  </datafield>
  <datafield tag="080" ind1=" " ind2=" ">
    <subfield code="a">347.7 &#x412;-84</subfield>
  </datafield>
  <datafield tag="245" ind1=" " ind2=" ">
    <subfield code="a">&#x412;&#x441;&#x435; &#x432;&#x438;&#x434;&#x44B;  &#x434;&#x43E;&#x433;&#x43E;&#x432;&#x43E;&#x440;&#x43E;&#x432; :</subfield>
    <subfield code="b">&#x41E;&#x431;&#x440;&#x430;&#x437;&#x446;&#x44B;</subfield>
  </datafield>
  <datafield tag="264" ind1=" " ind2=" ">
    <subfield code="a">&#x41C;&#x43E;&#x441;&#x43A;&#x432;&#x430; :</subfield>
    <subfield code="b">&#x41A;&#x43D;&#x438;&#x433;&#x430;   &#x441;&#x435;&#x440;&#x432;&#x438;&#x441;,</subfield>
    <subfield code="c">2005.</subfield>
  </datafield>
  <datafield tag="300" ind1=" " ind2=" ">
    <subfield code="a">464 &#x441;. </subfield>
    <subfield code="b">19 &#x441;&#x43C;.</subfield>
  </datafield>
  <datafield tag="653" ind1=" " ind2=" ">
    <subfield code="a">&#x412;&#x441;&#x435; &#x432;&#x438;&#x434;&#x44B;  &#x434;&#x43E;&#x433;&#x43E;&#x432;&#x43E;&#x440;&#x43E;&#x432;</subfield>
  </datafield>
  <datafield tag="653" ind1=" " ind2=" ">
    <subfield code="a">&#x10E7;&#x10D5;&#x10D4;&#x10DA;&#x10D0; &#x10E1;&#x10D0;&#x10EE;&#x10D8;&#x10E1; &#x10EE;&#x10D4;&#x10DA;&#x10E8;&#x10D4;&#x10D9;&#x10E0;&#x10E3;&#x10DA;&#x10D4;&#x10D1;&#x10D0;</subfield>
  </datafield>
  <datafield tag="653" ind1=" " ind2=" ">
    <subfield code="a">&#x10E1;&#x10D0;&#x10DB;&#x10D0;&#x10E0;&#x10D7;&#x10D0;&#x10DA;&#x10D8;</subfield>
  </datafield>
  <datafield tag="942" ind1=" " ind2=" ">
    <subfield code="c">BK</subfield>
    <subfield code="2">udc</subfield>
  </datafield>
  <datafield tag="952" ind1=" " ind2=" ">
    <subfield code="0">0</subfield>
    <subfield code="1">0</subfield>
    <subfield code="2">udc</subfield>
    <subfield code="4">0</subfield>
    <subfield code="6">3477_&#x412;84</subfield>
    <subfield code="7">0</subfield>
    <subfield code="9">34739</subfield>
    <subfield code="a">CPL</subfield>
    <subfield code="b">CPL</subfield>
    <subfield code="c">GEN</subfield>
    <subfield code="d">2018-12-17</subfield>
    <subfield code="g">15.00</subfield>
    <subfield code="o">347.7 &#x412;-84</subfield>
    <subfield code="p">3914</subfield>
    <subfield code="r">2018-12-17</subfield>
    <subfield code="t">3914</subfield>
    <subfield code="w">2018-12-17</subfield>
    <subfield code="y">BK</subfield>
    <subfield code="z">15.00</subfield>
  </datafield>
</record>
